[Event "Rohde op 10th"]
[Site "Sautron"]
[Date "2010.10.28"]
[Round "7"]
[White "Nemety, Laszlo"]
[Black "Verant, Frederic"]
[Result "0-1"]
[WhiteElo "2095"]
[BlackElo "1864"]
[PlyCount "79"]
[EventDate "2010.10.23"]
[EventType "swiss"]
[EventRounds "9"]
[EventCountry "FRA"]
[SourceTitle "EXT 2012"]
[Source "ChessBase"]
[SourceDate "2011.11.24"]
[SourceVersion "1"]
[SourceVersionDate "2011.11.24"]
[SourceQuality "1"]

1. d4 Nf6 2. e3 d5 3. Ne2 Nc6 4. f4 Bg4 5. Nd2 h6 6. c4 e6 7. Qb3 Qd7 8. Ng3 Be7 9. Bd3 0-0 10. 0-0 Rad8 11. h3 Bf5 12. Nxf5 exf5 13. c5 Rb8 14. Nf3 b6 15. cxb6 Rxb6 16. Qd1 Ne4 17. a3 f6 18. b4 Qe6 19. Nd2 Qf7 20. Nb3 h5 21. Bd2 Ng3 22. Rf3 Ne4 23. Rc1 g5 24. b5 g4 25. Rf1 Nd8 26. Rxc7 gxh3 27. Bxe4 dxe4 28. gxh3 Kh8 29. Kh2 Rb7 30. Rxb7 Nxb7 31. a4 Rc8 32. a5 Ba3 33. a6 Nd6 34. Qe2 Rc2 35. Rb1 Nc4 36. Kh1 Bb4 37. Qd1 Bxd2 38. Qxc2 Bxe3 39. Qe2 Bxf4 40. Rf1 0-1

[Event "Rohde op 09th"]
[Site "Sautron"]
[Date "2009.10.27"]
[Round "5"]
[White "Wirig, Anthony"]
[Black "Verant, Frederic"]
[Result "1-0"]
[WhiteElo "2490"]
[BlackElo "1900"]
[PlyCount "83"]
[EventDate "2009.10.24"]
[EventType "swiss"]
[EventRounds "9"]
[EventCountry "FRA"]
[SourceTitle "EXT 2010"]
[Source "ChessBase"]
[SourceDate "2010.11.25"]
[SourceVersion "1"]
[SourceVersionDate "2010.11.25"]
[SourceQuality "1"]

1. c4 e5 2. Nc3 Nf6 3. Nf3 Nc6 4. g3 Bb4 5. Bg2 0-0 6. 0-0 e4 7. Ne1 Bxc3 8. dxc3 d6 9. b3 Bg4 10. h3 Bf5 11. Nc2 Qc8 12. Kh2 Bg6 13. Nd4 Ne5 14. Bg5 Nfd7 15. f4 exf3 16. exf3 h6 17. Bd2 Nf6 18. f4 Ned7 19. f5 Bh7 20. g4 Re8 21. Qf3 c6 22. Rae1 Ne5 23. Qg3 Kh8 24. Bf4 Nfd7 25. Re3 f6 26. Rfe1 Bg8 27. Qh4 Qd8 28. Rd1 Nf8 29. Qe1 Qc7 30. Qg3 Nfd7 31. Kh1 Nf7 32. Ne6 Qa5 33. Rd2 Nfe5 34. Rxd6 Bxe6 35. fxe6 Nf8 36. Bxe5 fxe5 37. g5 hxg5 38. Qxg5 Nxe6 39. Qh5+ Kg8 40. Be4 Nf4 41. Qh7+ Kf7 42. Qf5+ 1-0

[Event "Rohde op 09th"]
[Site "Sautron"]
[Date "2009.10.25"]
[Round "2"]
[White "Verant, Frederic"]
[Black "Le Ruyet, Leopold"]
[Result "0-1"]
[WhiteElo "1863"]
[BlackElo "2143"]
[PlyCount "68"]
[EventDate "2009.10.24"]
[EventType "swiss"]
[EventRounds "9"]
[EventCountry "FRA"]
[SourceTitle "EXT 2010"]
[Source "ChessBase"]
[SourceDate "2010.11.25"]
[SourceVersion "1"]
[SourceVersionDate "2010.11.25"]
[SourceQuality "1"]

1. d4 Nf6 2. Nf3 e6 3. Bf4 c5 4. e3 Nc6 5. Nc3 cxd4 6. exd4 Bb4 7. a3 Bxc3+ 8. bxc3 d5 9. Bd3 0-0 10. 0-0 h6 11. Re1 Nh5 12. Bd2 Nf6 13. Qc1 Nh7 14. Bxh6 gxh6 15. Qxh6 f5 16. Re3 Qf6 17. Qh5 Qf7 18. Qh4 f4 19. Ng5 Nxg5 20. Qxg5+ Qg7 21. Qxg7+ Kxg7 22. Rh3 e5 23. Rh7+ Kg8 24. Rh5 e4 25. Rg5+ Kf7 26. Be2 Be6 27. Bh5+ Ke7 28. Rb1 b6 29. Rg7+ Kd6 30. Be2 Rg8 31. Rh7 Rh8 32. Rb7 Rab8 33. Rg7 Rbg8 34. Rb7 f3 0-1

[Event "Rohde op 08th"]
[Site "Sautron"]
[Date "2008.10.29"]
[Round "6"]
[White "Verant, Frederic"]
[Black "Bonn, Thomas"]
[Result "0-1"]
[WhiteElo "1883"]
[BlackElo "2230"]
[PlyCount "84"]
[EventDate "2008.10.25"]
[EventType "swiss"]
[EventRounds "9"]
[EventCountry "FRA"]
[SourceTitle "EXT 2009"]
[Source "ChessBase"]
[SourceDate "2008.11.26"]
[SourceVersion "1"]
[SourceVersionDate "2008.11.26"]
[SourceQuality "1"]

1. d4 c5 2. d5 e5 3. dxe6 fxe6 4. e4 Nc6 5. Bc4 Nf6 6. Nc3 Ne5 7. Be2 d5 8. f4 Nc6 9. e5 Ng8 10. Nf3 Nh6 11. 0-0 Be7 12. a3 0-0 13. Qe1 Nf5 14. Nd1 Ncd4 15. Bd3 c4 16. Bxf5 Nxf3+ 17. Rxf3 Rxf5 18. g4 Rf7 19. Rh3 b5 20. Qg3 d4 21. Nf2 Bb7 22. g5 g6 23. Ng4 Kh8 24. Nf6 Bxf6 25. gxf6 Qd5 26. Kf2 Qe4 27. Qf3 Qf5 28. Qg3 Qxc2+ 29. Kf1 Qd1+ 30. Kf2 Be4 31. Qg1 Qc2+ 32. Kg3 Bf5 33. Qxd4 Bxh3 34. Kxh3 Qd3+ 35. Qxd3 cxd3 36. Be3 Rc8 37. Rd1 Rd7 38. Kg3 Rc2 39. Bxa7 Rxa7 40. Rxd3 Ra8 41. Rd6 Re8 42. f7 Rf8 0-1

[Event "Rohde op 08th"]
[Site "Sautron"]
[Date "2008.10.27"]
[Round "3"]
[White "Serafimov, Tervel"]
[Black "Verant, Frederic"]
[Result "1-0"]
[WhiteElo "2371"]
[BlackElo "1883"]
[PlyCount "95"]
[EventDate "2008.10.25"]
[EventType "swiss"]
[EventRounds "9"]
[EventCountry "FRA"]
[SourceTitle "EXT 2009"]
[Source "ChessBase"]
[SourceDate "2008.11.26"]
[SourceVersion "1"]
[SourceVersionDate "2008.11.26"]
[SourceQuality "1"]

1. c4 Nf6 2. g3 e5 3. Nc3 Bb4 4. Bg2 0-0 5. e4 d6 6. Nge2 Nc6 7. 0-0 Bg4 8. h3 Bxc3 9. hxg4 Ba5 10. g5 Nd7 11. d4 exd4 12. Nxd4 Nxd4 13. Qxd4 Bb6 14. Qd1 Qe7 15. Qe2 f5 16. gxf6 Qxf6 17. Bf4 Rae8 18. Rad1 Nc5 19. Bc1 Qg6 20. b4 Nxe4 21. c5 dxc5 22. Qc4+ Kh8 23. Rde1 Nd6 24. Rxe8 Rxe8 25. Qd5 cxb4 26. Bf4 Ne4 27. Qb3 Nc3 28. Bf3 a5 29. Kg2 Rf8 30. Qc4 Qf6 31. Bxb7 Qf7 32. Qd3 Qxa2 33. Bf3 Na4 34. Bd5 Qb2 35. Qe4 Nc5 36. Qe7 Qf6 37. Qe2 b3 38. Rh1 h6 39. Rxh6+ gxh6 40. Be5 Nd7 41. Bxf6+ Rxf6 42. Qe8+ Nf8 43. Qe5 Nd7 44. Qe8+ Nf8 45. Bxb3 Rxf2+ 46. Kh3 Kg7 47. Qe5+ Rf6 48. Qe7+ 1-0

[Event "Rohde op 07th"]
[Site "Sautron"]
[Date "2007.10.31"]
[Round "6"]
[White "Crouan, Stephane"]
[Black "Verant, Frederic"]
[Result "1-0"]
[WhiteElo "2207"]
[BlackElo "1841"]
[PlyCount "65"]
[EventDate "2007.10.27"]
[EventType "swiss"]
[EventRounds "9"]
[EventCountry "FRA"]
[SourceTitle "EXT 2008"]
[Source "ChessBase"]
[SourceDate "2007.11.25"]
[SourceVersion "1"]
[SourceVersionDate "2007.11.25"]
[SourceQuality "1"]

1. e4 c5 2. Nf3 d6 3. d4 cxd4 4. Nxd4 Nf6 5. Nc3 a6 6. Bg5 e6 7. f4 Be7 8. Qf3 Qc7 9. 0-0-0 Nbd7 10. g4 e5 11. Nf5 Bf8 12. Bxf6 Nxf6 13. g5 Bxf5 14. exf5 Nd7 15. Nd5 Qc5 16. Bg2 Rc8 17. Rd2 h6 18. f6 g6 19. Bh3 hxg5 20. Bxd7+ Kxd7 21. fxe5 Rh4 22. Qb3 b5 23. Ne7 Bxe7 24. Qxf7 Qxe5 25. fxe7 Re8 26. Rhd1 Qe3 27. Kb1 Rxe7 28. Rxd6+ Kc7 29. Rd7+ Rxd7 30. Qxd7+ Kb6 31. Qd8+ Kc5 32. Qd6+ Kc4 33. b3+ 1-0

[Event "Mont de Marsan op 6th"]
[Site "Mont de Marsan"]
[Date "2006.12.28"]
[Round "5"]
[White "Verant, Frederic"]
[Black "Michaud, Stephane"]
[Result "1-0"]
[WhiteElo "1878"]
[BlackElo "1800"]
[PlyCount "105"]
[EventDate "2006.12.26"]
[EventType "swiss"]
[EventRounds "9"]
[EventCountry "FRA"]
[SourceTitle "CBM 116 Extra"]
[Source "ChessBase"]
[SourceDate "2007.03.07"]
[SourceVersion "1"]
[SourceVersionDate "2007.03.07"]
[SourceQuality "1"]

1. d4 c5 2. d5 e5 3. dxe6 fxe6 4. c4 Nf6 5. Nc3 Be7 6. e4 d6 7. Nf3 Nc6 8. Bg5 0-0 9. Bd3 Nb4 10. Bb1 e5 11. h3 Be6 12. a3 Nc6 13. Nd5 b5 14. Bxf6 Bxf6 15. cxb5 Nd4 16. Nxd4 exd4 17. 0-0 Rc8 18. Ba2 Bh4 19. Qh5 Kh8 20. f4 Bf7 21. Qg4 Bf6 22. Bc4 Be8 23. e5 Bd7 24. e6 Be8 25. e7 Bxe7 26. Nxe7 Bd7 27. Ng6+ hxg6 28. Qxg6 Rf6 29. Qg5 Qf8 30. Rae1 Re8 31. Qh5+ Rh6 32. Rxe8 Bxe8 33. Qg5 Bf7 34. Bxf7 Qxf7 35. Qd8+ Kh7 36. f5 Rf6 37. g4 Qb3 38. Kg2 Qxb2+ 39. Rf2 Qb3 40. g5 Qd5+ 41. Kg3 Rxf5 42. g6+ Kh6 43. Qh4+ Kxg6 44. Rxf5 Qxf5 45. Qg4+ Qxg4+ 46. hxg4 c4 47. Kf3 c3 48. Ke2 c2 49. Kd2 d3 50. a4 Kf6 51. a5 Ke7 52. b6 axb6 53. a6 1-0

[Event "Mont de Marsan op 6th"]
[Site "Mont de Marsan"]
[Date "2006.12.26"]
[Round "1"]
[White "Verant, Frederic"]
[Black "Garcia, Jose"]
[Result "1-0"]
[WhiteElo "1878"]
[BlackElo "1770"]
[PlyCount "73"]
[EventDate "2006.12.26"]
[EventType "swiss"]
[EventRounds "9"]
[EventCountry "FRA"]
[SourceTitle "CBM 116 Extra"]
[Source "ChessBase"]
[SourceDate "2007.03.07"]
[SourceVersion "1"]
[SourceVersionDate "2007.03.07"]
[SourceQuality "1"]

1. d4 d5 2. Nf3 Nf6 3. Bf4 e6 4. e3 Nh5 5. Bg5 Be7 6. Bxe7 Qxe7 7. c3 Nf6 8. Bd3 0-0 9. Nbd2 Nc6 10. 0-0 e5 11. dxe5 Nxe5 12. Nxe5 Qxe5 13. Nf3 Qe7 14. h3 c5 15. Qc2 Ne4 16. c4 Nf6 17. cxd5 Nxd5 18. Bxh7+ Kh8 19. Bf5 g6 20. Bxc8 Raxc8 21. Rfd1 Rfd8 22. Qc4 b5 23. Qxb5 Rb8 24. Qa5 Rxb2 25. Rxd5 Rdb8 26. Qxc5 Qb7 27. Qd4+ Kg8 28. Rd8+ Rxd8 29. Qxd8+ Kh7 30. Qf8 Rb1+ 31. Rxb1 Qxb1+ 32. Kh2 Qf5 33. h4 g5 34. Nxg5+ Kg6 35. Qg8+ Kf6 36. Qxf7+ Ke5 37. f4+ 1-0

[Event "Rohde op 06th"]
[Site "Sautron"]
[Date "2006.11.04"]
[Round "9"]
[White "Verant, Frederic"]
[Black "Primel, Dominique"]
[Result "0-1"]
[WhiteElo "1879"]
[BlackElo "2056"]
[PlyCount "118"]
[EventDate "2006.10.28"]
[EventType "swiss"]
[EventRounds "9"]
[EventCountry "FRA"]
[SourceTitle "EXT 2007"]
[Source "ChessBase"]
[SourceDate "2006.11.23"]
[SourceVersion "1"]
[SourceVersionDate "2006.11.23"]
[SourceQuality "1"]

1. d4 Nf6 2. Nf3 e6 3. Bf4 c5 4. e3 b6 5. Nbd2 Bb7 6. Bd3 Be7 7. e4 cxd4 8. Nxd4 d6 9. Bb5+ Nfd7 10. e5 dxe5 11. Bxe5 0-0 12. Bxb8 Rxb8 13. Nc6 Bxc6 14. Bxc6 Rc8 15. Bb5 Rc5 16. Be2 Rd5 17. Bf3 Re5+ 18. Be2 Nf6 19. Nf3 Rd5 20. Qc1 e5 21. c3 e4 22. Nd4 Bc5 23. Nc2 Ng4 24. Bxg4 Qh4 25. Ne3 Bxe3 26. Qxe3 Qxg4 27. 0-0 Rd3 28. h3 Qg6 29. Qf4 Rxh3 30. Rfe1 f5 31. Rad1 Qh6 32. Qxh6 Rxh6 33. Rd7 Ra8 34. Red1 Rf6 35. Rd8+ Rf8 36. R8d7 Rf7 37. Rd8+ Rxd8 38. Rxd8+ Rf8 39. Rd7 Ra8 40. Kf1 Kf8 41. Ke2 f4 42. Rd4 Re8 43. f3 exf3+ 44. Kxf3 g5 45. Rd7 Re7 46. Rd5 h6 47. c4 Kg7 48. c5 bxc5 49. Rxc5 Kg6 50. b4 Re3+ 51. Kf2 Ra3 52. Rc2 Kf5 53. b5 h5 54. Rc5+ Kg4 55. Rc2 h4 56. Rd2 h3 57. gxh3+ Kxh3 58. Kg1 f3 59. Rh2+ Kg3 0-1

[Event "Mont de Marsan op"]
[Site "Mont de Marsan"]
[Date "2005.12.27"]
[Round "3"]
[White "Lamue, Olivier"]
[Black "Verant, Frederic"]
[Result "0-1"]
[WhiteElo "1499"]
[BlackElo "1856"]
[PlyCount "76"]
[EventDate "2005.12.26"]
[EventType "swiss"]
[EventRounds "7"]
[EventCountry "FRA"]
[SourceTitle "CBM 110 Extra"]
[Source "ChessBase"]
[SourceDate "2006.03.10"]
[SourceVersion "2"]
[SourceVersionDate "2006.03.10"]
[SourceQuality "1"]

1. e4 c5 2. Nf3 d6 3. d4 cxd4 4. Nxd4 Nf6 5. Nc3 a6 6. Bc4 e6 7. Bg5 Nbd7 8. Qe2 Qc7 9. Bb3 b5 10. 0-0 Bb7 11. a3 Be7 12. Rad1 0-0 13. Ba2 Rac8 14. Bh4 Ne5 15. Bg3 Nc6 16. Nxc6 Qxc6 17. f3 Rfe8 18. Rd2 d5 19. e5 Nh5 20. Bf2 Nf4 21. Qd1 Ng6 22. Re1 f6 23. Nxd5 Bc5 24. Nc3 Nxe5 25. Ne4 Bxf2+ 26. Kxf2 Qb6+ 27. Kf1 Bxe4 28. Rxe4 Nc4 29. Bxc4 bxc4 30. Rd6 Qxb2 31. Rxa6 Red8 32. Qe2 Qc1+ 33. Kf2 Rd2 34. Rexe6 Rxe2+ 35. Rxe2 Rd8 36. Ra7 Rd2 37. Rae7 Rxe2+ 38. Rxe2 Qxa3 0-1

[Event "Mont de Marsan op"]
[Site "Mont de Marsan"]
[Date "2005.12.26"]
[Round "1"]
[White "Moragrega, Remi"]
[Black "Verant, Frederic"]
[Result "1-0"]
[WhiteElo "1880"]
[BlackElo "1856"]
[PlyCount "71"]
[EventDate "2005.12.26"]
[EventType "swiss"]
[EventRounds "7"]
[EventCountry "FRA"]
[SourceTitle "CBM 110 Extra"]
[Source "ChessBase"]
[SourceDate "2006.03.10"]
[SourceVersion "2"]
[SourceVersionDate "2006.03.10"]
[SourceQuality "1"]

1. d4 Nf6 2. Nf3 g6 3. Bf4 Bg7 4. h3 d5 5. e3 c5 6. Be2 Nc6 7. 0-0 cxd4 8. exd4 Bf5 9. c3 Qb6 10. Qb3 Qxb3 11. axb3 0-0 12. Nbd2 a5 13. Bb5 Rfc8 14. Rfe1 Bf8 15. Ne5 Nxe5 16. dxe5 Ne8 17. g4 Be6 18. Nf3 Nc7 19. Bd3 Bd7 20. Be3 Ne6 21. Bb6 Nf4 22. Bf1 h5 23. gxh5 Nxh5 24. Rxa5 Rxa5 25. Bxa5 e6 26. Rd1 Bc5 27. Nd4 b6 28. Bb4 Bxb4 29. cxb4 Nf4 30. Ra1 Rb8 31. b5 g5 32. Ra7 Be8 33. Nc6 Bxc6 34. bxc6 b5 35. c7 Rc8 36. Bxb5 1-0

[Event "Rochefort op 3rd"]
[Site "Rochefort"]
[Date "2004.02.25"]
[Round "6"]
[White "Torres, Patrice"]
[Black "Verant, Frederic"]
[Result "1-0"]
[WhiteElo "2008"]
[BlackElo "1780"]
[PlyCount "55"]
[EventDate "2004.02.21"]
[EventType "swiss"]
[EventRounds "7"]
[EventCountry "FRA"]
[SourceTitle "EXT 2005"]
[Source "ChessBase"]
[SourceDate "2004.11.15"]
[SourceVersion "1"]
[SourceVersionDate "2004.11.15"]
[SourceQuality "1"]

1. d4 d6 2. e4 g6 3. c4 Bg7 4. Nf3 Bg4 5. Be2 Nc6 6. d5 Bxf3 7. Bxf3 Nd4 8. Nc3 c5 9. dxc6 bxc6 10. Be3 c5 11. 0-0 e6 12. e5 Nxf3+ 13. Qxf3 Bxe5 14. Qc6+ Kf8 15. Nb5 Rc8 16. Qa6 Ne7 17. Rad1 Nf5 18. Bg5 f6 19. Bc1 Nd4 20. Bh6+ Kf7 21. Rxd4 cxd4 22. f4 g5 23. fxe5 Kg6 24. Rxf6+ Qxf6 25. exf6 Kxh6 26. Nxd6 Rc7 27. Ne4 Rd7 28. Qxe6 1-0